Vocabulary learning strategies : a study of Human Sciences students of IIUM /
Saved in:
| Main Author: | |
|---|---|
| Format: | Thesis |
| Language: | English |
| Published: |
Gombak :
Kulliyyah of Islamic Revealed Knowledge and Human Sciences, International Islamic University Malaysia,
2005
|
| Subjects: | |
| Tags: |
Add Tag
No Tags, Be the first to tag this record!
|
| LEADER | 024710000a22004450004500 | ||
|---|---|---|---|
| 001 | 333376 | ||
| 005 | 20230420115508.0 | ||
| 008 | 051117t2005 my g 000 0 eng d | ||
| 035 | |a (Sirsi) 333376 | ||
| 040 | |a UIAM |b eng | ||
| 041 | 0 | |a eng | |
| 043 | |a a-my--- | ||
| 050 | 0 | 0 | |a LB1574.5 |
| 100 | 0 | |a Noor Maulidiyah bt Jailani Abin Dulah |9 117391 | |
| 245 | 1 | 0 | |a Vocabulary learning strategies : |b a study of Human Sciences students of IIUM / |c by Noor Maulidiyah bt. Jailani Abin Dulah |
| 260 | |a Gombak : |b Kulliyyah of Islamic Revealed Knowledge and Human Sciences, International Islamic University Malaysia, |c 2005 | ||
| 300 | |a x, 95 leaves ; |c 30 cm. | ||
| 336 | |2 rdacontent | ||
| 337 | |2 rdamedia | ||
| 338 | |2 rdacarrier | ||
| 500 | |a Abstracts in English and Arabic. | ||
| 500 | |a "A thesis submitted in partial fulfilment of the requirements for the Degree of Master of Human Sciences in Teaching of English as a Second Language." -- On t.p. | ||
| 502 | |a Thesis (M.A.)-- International Islamic University Malaysia, 2005. | ||
| 504 | |a Includes bibliographical references (leaves 75-76). | ||
| 530 | |a Also available on 3 1/2 in. computer disk-converted into computer optical disc (4 3/4 in.). | ||
| 610 | 2 | 0 | |a International Islamic University Malaysia |x Students |9 16561 |
| 650 | 0 | |a Vocabulary |x Study and teaching (Higher) |z Malaysia |9 117393 | |
| 650 | 0 | |a English language |x Study and teaching (Higher) Foreign speakers |z Malaysia |9 90890 | |
| 650 | 0 | |a Learning strategies |z Malaysia |9 117394 | |
| 650 | 0 | |a Second language acquisition |z Malaysia |9 63474 | |
| 655 | 0 | 7 | |a Theses, IIUM local |
| 690 | 0 | |a Dissertations, Academic |x Department of English Language and Literature |z IIUM | |
| 710 | 2 | |a International Islamic University Malaysia. |b Department of English Language and Literature | |
| 730 | 0 | |a Vocabulary learning strategies : a study of Human Sciences students of IIUM. (Computer file) |9 117395 | |
| 900 | |a hj-his | ||
| 942 | |2 lcc |n 0 | ||
| 999 | |c 431772 |d 465220 | ||
| 952 | |0 0 |6 T LB 001574.5 N818V 2005 |7 0 |8 THESES |9 753625 |a IIUM |b IIUM |c MULTIMEDIA |g 0.00 |o t LB 1574.5 N818V 2005 |p 00011274645 |r 2017-10-19 |t 1 |v 0.00 |y THESIS | ||
| 952 | |0 0 |6 LU T LB 1574.5 N818V 2005 |7 0 |8 THESES |9 754107 |a IIUM |b IIUM |c CLOSEACCES |g 0.00 |o lu t LB 1574.5 N818V 2005 |p 00000996582 |r 2017-10-25 |t 1 |v 0.00 |y THESIS | ||
| 952 | |0 0 |6 TS CDF LB1574.5N818V 2005 |7 0 |8 THESES |9 821410 |a IIUM |b IIUM |c MULTIMEDIA |g 0.00 |o ts cdf LB1574.5N818V 2005 |p 00001018013 |r 2017-10-27 |t 1 |v 0.00 |y THESISDIG | ||
